Memòria del mandat / Gerència de Serveis d'Igualtat i Ciutadania Gerència de Serveis d'Igualtat i Ciutadania
Descripción Física:
Volums : il·lustracions ; 30 cm
Materias:
Barcelona (Catalunya : Província). -- Gerència de Serveis d'Igualtat i Ciutadania
; Municipis -- Govern i administració -- Barcelona (Catalunya : Província)
Idioma:
Catalán
MARC
| LEADER | 00000nam a2200000 a 4500 | ||
|---|---|---|---|
| 001 | 26255 | ||
| 008 | 220714b spa||||| |||| 00| 0 cat d | ||
| 080 | |a Bib-802 | ||
| 110 | |9 52163 |a Barcelona (Catalunya : Província). |b Gerència de Serveis d'Igualtat i Ciutadania | ||
| 245 | |a Memòria del mandat / |b Gerència de Serveis d'Igualtat i Ciutadania | ||
| 260 | |a Barcelona : |b Diputació de Barcelona. Gerència de Serveis d'Igualtat i Ciutadania, |c 2015- | ||
| 300 | |a Volums : |b il·lustracions ; |c 30 cm | ||
| 310 | |a Quadriennal | ||
| 362 | |a 2011-2015 | ||
| 610 | 0 | |9 52163 |a Barcelona (Catalunya : Província). |b Gerència de Serveis d'Igualtat i Ciutadania | |
| 650 | 0 | |a Municipis |x Govern i administració |x Barcelona (Catalunya : Província) |9 42329 | |
| 942 | |2 udc |c ARXIU |n 1 | ||
| 952 | |0 0 |1 0 |4 0 |6 BIB802 |7 1 |9 62787 |a Arxiu |b Arxiu |d 2022-07-14 |h 2011-2015 |l 0 |o Bib-802 |p 26255 |r 2022-07-14 00:00:00 |w 2022-07-14 |y ARXIU | ||
| 999 | |c 82278 |d 82278 | ||